[Event "TUR Cup"]
[Site "Antalya"]
[Date "2017.01.29"]
[Round "3"]
[White "Ilter, Kerem"]
[Black "Sevgi, Volkan"]
[Result "0-1"]
[WhiteElo "1664"]
[BlackElo "2297"]
[PlyCount "48"]
[EventDate "2017.01.28"]
[EventType "swiss"]
[EventRounds "11"]
[EventCountry "TUR"]
[SourceTitle "CBM 176 Extra"]
[Source "ChessBase"]
[SourceDate "2017.03.02"]
[SourceVersion "1"]
[SourceVersionDate "2017.03.02"]
[SourceQuality "1"]

1. d4 Nf6 2. Nf3 d6 3. Nc3 Nbd7 4. e4 e5 5. Bc4 Be7 6. 0-0 0-0 7. Re1 c6 8. a4 Qc7 9. dxe5 Nxe5 10. Nxe5 dxe5 11. h3 b6 12. Qe2 g6 13. g4 Ne8 14. Bb3 Nd6 15. Be3 a5 16. f4 exf4 17. Bxf4 Be6 18. Bxe6 fxe6 19. Rf1 Qa7 20. Kg2 Nf7 21. e5 Qb7 22. Qe4 Bb4 23. Nb5 Rad8 24. Nd4 Rxd4 0-1

[Event "TUR-chT"]
[Site "Izmir"]
[Date "2016.08.05"]
[Round "13.6"]
[White "Ilter, Kerem"]
[Black "Petrov, Martin"]
[Result "0-1"]
[WhiteElo "1690"]
[BlackElo "2439"]
[PlyCount "72"]
[EventDate "2016.07.25"]
[EventType "team-swiss"]
[EventRounds "13"]
[EventCountry "TUR"]
[SourceTitle "CBM 173 Extra"]
[Source "ChessBase"]
[SourceDate "2016.08.29"]
[SourceVersion "1"]
[SourceVersionDate "2016.08.29"]
[SourceQuality "1"]
[WhiteTeam "Kocaeli Buyuksehir Belediyesi"]
[BlackTeam "Akdeniz Vida Metal"]
[WhiteTeamCountry "TUR"]
[BlackTeamCountry "TUR"]

1. Nf3 Nf6 2. c4 e6 3. g3 d5 4. Bg2 Be7 5. b3 0-0 6. Bb2 c5 7. 0-0 Nc6 8. d3 d4 9. Nbd2 e5 10. Ne1 Bf5 11. Nc2 Qd7 12. Re1 h5 13. a3 a5 14. Rb1 h4 15. Bc1 hxg3 16. hxg3 Ng4 17. Ne4 Qe6 18. f3 Bxe4 19. dxe4 Nf6 20. Kf2 Nh5 21. Rh1 Qg6 22. g4 Nf4 23. Bxf4 exf4 24. Qd2 Qd6 25. Ne1 g6 26. Nd3 Bg5 27. Rh2 Kg7 28. Rbh1 Rh8 29. Kf1 Rxh2 30. Rxh2 a4 31. b4 cxb4 32. axb4 a3 33. c5 Qe6 34. Qc1 a2 35. Qa1 Qb3 36. Kf2 Qb1 0-1

[Event "TUR-chT"]
[Site "Izmir"]
[Date "2016.08.04"]
[Round "12.6"]
[White "Ilter, Kerem"]
[Black "Tarlabasi, Emirhan"]
[Result "0-1"]
[WhiteElo "1690"]
[BlackElo "2006"]
[PlyCount "112"]
[EventDate "2016.07.25"]
[EventType "team-swiss"]
[EventRounds "13"]
[EventCountry "TUR"]
[SourceTitle "CBM 173 Extra"]
[Source "ChessBase"]
[SourceDate "2016.08.29"]
[SourceVersion "1"]
[SourceVersionDate "2016.08.29"]
[SourceQuality "1"]
[WhiteTeam "Kocaeli Buyuksehir Belediyesi"]
[BlackTeam "Istanbul Teknik Uni"]
[WhiteTeamCountry "TUR"]
[BlackTeamCountry "TUR"]

1. d4 Nf6 2. Nf3 c5 3. c3 d5 4. Bf4 Nc6 5. e3 Qb6 6. Qb3 c4 7. Qxb6 axb6 8. Nbd2 Bf5 9. h3 e6 10. Be2 h6 11. 0-0 b5 12. a3 Be7 13. Ne5 0-0 14. g4 Bh7 15. Kg2 Nxe5 16. Bxe5 Nd7 17. Bg3 Ra7 18. h4 Rfa8 19. Rad1 Nb6 20. Nb1 Na4 21. Rd2 Kf8 22. f4 Be4+ 23. Bf3 Bxf3+ 24. Kxf3 f5 25. gxf5 exf5 26. h5 Re8 27. Rh1 Ra6 28. Bh4 Bxh4 29. Rxh4 Rae6 30. Re2 Kf7 31. Rh1 g5 32. hxg6+ Rxg6 33. Reh2 Reg8 34. Nd2 Rg3+ 35. Kf2 Nxb2 36. Nf3 Nd3+ 37. Ke2 Rg2+ 38. Kf1 Rxh2 39. Rxh2 Rg3 40. Ke2 Rg6 41. Nh4 Rf6 42. Rh1 Ra6 43. Nxf5 Rxa3 44. Nd6+ Kg7 45. Nxb5 Rb3 46. Nc7 Rxc3 47. Nxd5 Rc2+ 48. Kf3 b5 49. Rg1+ Kf7 50. f5 b4 51. Ra1 b3 52. Ra7+ Ke8 53. Ra8+ Kd7 54. Ke4 b2 55. Nb6+ Kc6 56. d5+ Kb7 0-1

[Event "TUR-chT"]
[Site "Izmir"]
[Date "2016.07.29"]
[Round "6.6"]
[White "Nomin Erdene, Davaademberel"]
[Black "Ilter, Kerem"]
[Result "1-0"]
[WhiteElo "2442"]
[BlackElo "1690"]
[PlyCount "79"]
[EventDate "2016.07.25"]
[EventType "team-swiss"]
[EventRounds "13"]
[EventCountry "TUR"]
[SourceTitle "CBM 173 Extra"]
[Source "ChessBase"]
[SourceDate "2016.08.29"]
[SourceVersion "1"]
[SourceVersionDate "2016.08.29"]
[SourceQuality "1"]
[WhiteTeam "Tarsus Zeka"]
[BlackTeam "Kocaeli Buyuksehir Belediyesi"]
[WhiteTeamCountry "TUR"]
[BlackTeamCountry "TUR"]

1. e4 e6 2. d4 d5 3. Nc3 Nc6 4. e5 Nge7 5. Nf3 b6 6. a3 Bb7 7. Bd3 Qd7 8. Ne2 0-0-0 9. b3 f6 10. Nf4 Ng8 11. h4 Nxd4 12. Nxd4 fxe5 13. Nfxe6 Re8 14. Bf5 exd4 15. 0-0 Kb8 16. Bf4 Bd6 17. Bxd6 Qxd6 18. Nxg7 Rf8 19. Qxd4 Ne7 20. Bh3 c5 21. Qd3 Rhg8 22. Ne6 Rf6 23. Rae1 Rh6 24. Ng5 Rxh4 25. Qg3 Qxg3 26. fxg3 Rh5 27. Nf7 Nc8 28. g4 Rh4 29. g3 Rxh3 30. Kg2 d4+ 31. Kxh3 Rg6 32. g5 Bd5 33. Re5 Be6+ 34. Kh2 Bd7 35. Rf6 Rg8 36. Nh6 Rh8 37. Rf7 Bc6 38. Nf5 Bb7 39. Kh3 Ka8 40. Kh4 1-0